| 000 | 00718nam a2200229 i 4500 | ||
|---|---|---|---|
| 001 | 44775 | ||
| 003 | ES-MaACL | ||
| 005 | 20250825214711.0 | ||
| 007 | t| | ||
| 008 | 030324s1922 sp |||| | spa d | ||
| 080 | _a615.838 | ||
| 080 | _a663.64(460) | ||
| 245 | 0 | 0 |
_aClínica hidrológica española _b: con un estudio físico-químico de las aguas minerales / _cpor E. Doz ... [et al.] ; prefacio, Amalio Gimeno. |
| 260 |
_aMadrid : _bCalpe, _c1922. |
||
| 300 |
_aXV, 528 p. ; _c21 cm. |
||
| 650 | 0 | 4 |
_aHidroterapia. _913343 |
| 650 | 4 |
_aAguas minerales- _zEspaña. _9135522 |
|
| 700 | 1 |
_aDoz, E. _945561 |
|
| 700 | 1 |
_aGimeno, Amalio, _d1850-1936 _957076 |
|
| 852 |
_aES-MaACL _jB-9030 |
||
| 999 |
_c44775 _d44775 |
||